Reconnaîssez vous ces sénateurs français en activité ? - Statistiques

Statistiques générales
  • Ce quiz a été pris 102 fois
  • Le résultat moyen est 5 sur 8
Statistiques - réponses
Par images Hint Réponse % Correct
LR - Yvelines Gérard Larcher
97%
EELV - Paris Yannick Jadot
95%
LR - Vendée Bruno Retailleau
91%
PCF - Paris Ian Brossat
71%
Reconquête - Bouches du Rhône Stéphane Ravier
45%
PS - Nord Patrick Kanner
41%
UDI - Hauts de Seine Hervé Marseille
39%
EELV - Français de l'Etranger Mélanie Vogel
24%
Aucun quiz correspondant
Distribution des résultats
% des personnes avec chaque résultat
Percentile par nombre de réponses
Votre historique - résultats
Vous n’avez pas pris ce quiz